Подробности
| 000 -МАРКЕР |
| контрольное поле |
02341nam0a2200313 4500 |
| 001 - ИДЕНТИФИКАТОР ЗАПИСИ |
| контрольное поле |
RU\NLR\bibl\1856601 |
| 005 - ИДЕНТИФИКАТОР ВЕРСИИ |
| контрольное поле |
20260408061930.0 |
| 021 ## - НОМЕР ГОСУДАРСТВЕННОЙ РЕГИСТРАЦИИ |
| Код страны |
Российская Федерация |
| Номер |
2011-101360 |
| Номер Листа государственной регистраци |
7258 |
| 035 ## - ДРУГИЕ СИСТЕМНЫЕ НОМЕРА |
| Идентификатор записи |
(NLR Aleph) 001846528 |
| 100 ## - ДАННЫЕ ОБЩЕЙ ОБРАБОТКИ |
| Данные общей обработки |
20120116d2011 |||y0rusy50 ca |
| 101 0# - ЯЗЫК РЕСУРСА |
| Язык текста, звукозаписи и т.д. |
русский |
| 102 ## - СТРАНА ПУБЛИКАЦИИ ИЛИ ПРОИЗВОДСТВА |
| Страна публикации |
Российская Федерация |
| 105 ## - ПОЛЕ КОДИРОВАННЫХ ДАННЫХ: ТЕКСТОВЫЕ МАТЕРИАЛЫ, МОНОГРАФИЧЕСКИЕ |
| Кодированные данные о монографическом текстовом документе |
a ||||||||| |
| 200 1# - ЗАГЛАВИЕ И СВЕДЕНИЯ ОБ ОТВЕТСТВЕННОСТИ |
| Основное заглавие |
Технология конструкционных материалов |
| Сведения, относящиеся к заглавию |
учебное пособие |
| -- |
для студентов, обучающихся по специальностям: 190303.65 "Электрический транспорт железных дорог", 190302.65 "Вагоны" вузов региона |
| Первые сведения об ответственности |
Федер. агентство ж.-д. трансп., Федер. гос. бюджет. образоват. учреждение высш. проф. образования "Иркут. гос. ун-т путей сообщ.", Забайкал. ин-т ж.-д. трансп. - фил. Федер. гос. бюджет. образоват. учреждения высш. проф. образования "Иркут. гос. ун-т путей сообщ.", Каф. "Вагоны и вагон. хоз-во" |
| Последующие сведения об ответственности |
[Астафьев А.С. и др.] |
| 210 ## - ПУБЛИКАЦИЯ, РАСПРОСТРАНЕНИЕ И ДР. |
| Место издания, распространения и т.д. |
Чита |
| Имя издателя, распространителя и т. д. |
Забайкальский институт железнодорожного транспорта |
| Дата издания, распространения и т.д. |
2011 |
| 215 ## - ФИЗИЧЕСКАЯ ХАРАКТЕРИСТИКА |
| Специфическое обозначение материала и объем |
111 с. |
| Другие сведения о физической характеристике |
ил. |
| Размеры |
21 |
| 320 ## - ПРИМЕЧАНИЯ О НАЛИЧИИ В ДОКУМЕНТЕ БИБЛИОГРАФИИ / УКАЗАТЕЛЯ |
| Текст примечания |
Библиогр.: с. 110-111 (45 назв.) |
| 606 1# - НАИМЕНОВАНИЕ ТЕМЫ КАК ПРЕДМЕТ |
| Наименование темы |
Конструкционные металлы |
| Формальный подзаголовок |
Учебные издания для высших учебных заведений |
| Тематический подзаголовок |
Обработка |
| Системный номер авторитетной/нормативной записи |
2224514 |
| Идентификатор авторитетной/нормативной записи |
RU\NLR\auth\661335504 |
| 606 1# - НАИМЕНОВАНИЕ ТЕМЫ КАК ПРЕДМЕТ |
| Наименование темы |
Машиностроение |
| Формальный подзаголовок |
Учебные издания для высших учебных заведений |
| Тематический подзаголовок |
Технологические процессы |
| Системный номер авторитетной/нормативной записи |
947635 |
| Идентификатор авторитетной/нормативной записи |
RU\NLR\auth\66351664 |
| 686 ## - ИНДЕКСЫ ДРУГИХ КЛАССИФИКАЦИЙ |
| Индекс |
К5я73-1 |
| 702 #1 - ИМЯ ЛИЦА - ВТОРИЧНАЯ ОТВЕТСТВЕННОСТЬ |
| Начальный элемент ввода |
Астафьев |
| Часть имени, кроме начального элемента ввода |
А. С. |
| Расширение инициалов личного имени |
Андрей Сергеевич |
| Код отношения |
Составитель |
| 712 02 - НАИМЕНОВАНИЕ ОРГАНИЗАЦИИ - ВТОРИЧНАЯ ОТВЕТСТВЕННОСТЬ |
| Код отношения |
Прочие |
| Начальный элемент ввода |
Забайкальский институт железнодорожного транспорта |
| Идентифицирующий признак |
Чита |
| Структурное подразделение |
Кафедра "Вагоны и вагонное хозяйство" |
| Идентификатор авторитетной/нормативной записи |
RU\NLR\AUTH\8810206630 |
| Системный номер авторитетной/нормативной записи |
300743 |
| 801 #0 - ИСТОЧНИК ЗАПИСИ |
| Страна |
Российская Федерация |
| Организация |
NLR |
| Дата составления |
20120116 |
| Правила каталогизации |
RCR |
| 801 #1 - ИСТОЧНИК ЗАПИСИ |
| Страна |
Российская Федерация |
| Организация |
NLR |
| Дата составления |
20120116 |
| 942 ## - ДОПОЛНИТЕЛЬНЫЕ ЭЛЕМЕНТЫ ЗАПИСИ (АБИС) |
| Тип экземпляра АБИС |
Книга |
| 980 ## - КОЛЛЕКЦИЯ |
| Название коллекции |
Национальная библиография |
| 980 ## - КОЛЛЕКЦИЯ |
| Название коллекции |
НБР |